000 01380cad a2200277 4500
001 L158728
008 100215n2013 000 0 eng u
020 _a9781783210305
035 _a(Sirsi) u158728
041 _aeng
100 1 _aHamdalla, Ahmed
111 2 _aConstruction and Building Research Conference
_cIIT Delhi, New Delhi
_d10-12 September 2013
245 0 0 _aCurrent status of sustainable construction regulatory systems in Egypt
_h[electronic resource]
260 _aLondon
_bRICS
_c2013
490 0 _aCOBRA
_v2013
520 _aA paper presented at the COBRA Conference in New Delhi on 10-12 September 2013. Looks at laws and regulations relating to sustainable construction in Egypt, highlighting the existing shortcomings of current legislation and proposing alternatives. This paper reviews the status quo of the set of laws and regulations related to sustainable construction in Egypt. The existing problems and shortcomings of current laws and regulations are highlighted, and approaches to realistic implementation are proposed.
650 2 4 _aCONSTRUCTION AND BUILDING RESEARCH CONFERENCE (COBRA)
650 2 4 _aBUILT ENVIRONMENT-SUSTAINABLE CONSTRUCTION
650 2 4 _aENVIRONMENTAL LEGISLATION
650 2 4 _aREGULATIONS
651 4 _aEgypt
690 _aSustainability
_96271
700 1 _aWally, Ahmed
700 1 _aKamel, Basil
942 _n0
999 _c115481
_d115481